UM Logo

Comparisons of two turn-off failures under clamped inductive load in planar fs 3.3 kv/50 a igbt chip / (Record no. 21396)

MARC details
000 -LEADER
fixed length control field 01290nam a22003017a 4500
003 - CONTROL NUMBER IDENTIFIER
control field OSt
005 - DATE AND TIME OF LATEST TRANSACTION
control field 20250329155729.0
008 - FIXED-LENGTH DATA ELEMENTS--GENERAL INFORMATION
fixed length control field 240906b ||||| |||| 00| 0 eng d
040 ## - CATALOGING SOURCE
Transcribing agency 0
082 ## - DEWEY DECIMAL CLASSIFICATION NUMBER
Classification number DPer 621.317 Ie21 December 2022 v.37 n. 12 part 1&2.
100 ## - MAIN ENTRY--PERSONAL NAME
Personal name Fan, Jiayu.
Relator term author.
9 (RLIN) 60377
245 ## - TITLE STATEMENT
Title Comparisons of two turn-off failures under clamped inductive load in planar fs 3.3 kv/50 a igbt chip /
Statement of responsibility, etc. Jiayu Fan, Yaohua Wang, Feng He, Mingchao Gao, Zhibin Zhao, Xuebao Li, Xiang Cui, and Zhong Chen.
260 ## - PUBLICATION, DISTRIBUTION, ETC. (IMPRINT)
Place of publication, distribution, etc. New York ;
Name of publisher, distributor, etc. The Institute of Electrical and Electronics Engineers, Inc.,
Date of publication, distribution, etc. December 2022.
300 ## - PHYSICAL DESCRIPTION
Extent volume 37, pages 14471-14481,
Other physical details illustration.
500 ## - GENERAL NOTE
General note IEEE Transactions on Power Electronics, v. 37 n. 12, pages 14471-14481, December 2022.
650 #0 - SUBJECT ADDED ENTRY--TOPICAL TERM
Topical term or geographic name as entry element Distinguished method.
9 (RLIN) 66071
650 #0 - SUBJECT ADDED ENTRY--TOPICAL TERM
Topical term or geographic name as entry element dynamic latch-up.
9 (RLIN) 66072
650 #0 - SUBJECT ADDED ENTRY--TOPICAL TERM
Topical term or geographic name as entry element secondary breakdown.
9 (RLIN) 66073
700 ## - ADDED ENTRY--PERSONAL NAME
Personal name Fan, Jiayu.
Relator term author.
9 (RLIN) 60377
700 ## - ADDED ENTRY--PERSONAL NAME
Personal name Wang, Yaohua.
Relator term author.
9 (RLIN) 60378
700 ## - ADDED ENTRY--PERSONAL NAME
Personal name He, Feng.
Relator term author.
9 (RLIN) 60379
700 ## - ADDED ENTRY--PERSONAL NAME
Personal name Gao, Mingchao.
Relator term author.
9 (RLIN) 60380
700 ## - ADDED ENTRY--PERSONAL NAME
Personal name Zhao, Zhibin.
Relator term author.
9 (RLIN) 60381
700 ## - ADDED ENTRY--PERSONAL NAME
Personal name Li, Xuebao.
Relator term author.
9 (RLIN) 60382
700 ## - ADDED ENTRY--PERSONAL NAME
Personal name Cui, Xiang.
Relator term author.
9 (RLIN) 60383
700 ## - ADDED ENTRY--PERSONAL NAME
Personal name Chen, Zhong.
Relator term author.
9 (RLIN) 60384
942 ## - ADDED ENTRY ELEMENTS (KOHA)
Source of classification or shelving scheme Dewey Decimal Classification
Koha item type Periodicals
Holdings
Withdrawn status Lost status Source of classification or shelving scheme Damaged status Not for loan Collection code Home library Current library Date acquired Total Checkouts Full call number Date last seen Price effective from Koha item type Public note
    Dewey Decimal Classification     Periodicals UM Digos College - LIC UM Digos College - LIC 09/06/2024   DPer 621.317 Ie21 December 2022 v.37 n. 12 part 1&2. 09/06/2024 09/06/2024 Periodicals Periodical Article